Most and Least Bike-Friendly US Cities - Statistics

General Stats
  • This quiz has been taken 70 times
  • The average score is 4 of 20
Answer Stats
Most bike-friendly Bike friendliness score % Correct
Los Angeles 86.36
87%
Houston 120.86
65%
Miami 147.26
65%
Phoenix 133.76
62%
Chicago 138.88
58%
Jacksonville 144.52
29%
San Antonio 146.97
27%
Boulder 259.98
16%
Berkeley 281.29
5%
Davis 272.27
4%
Arlington 259.58
2%
Crested Butte 320.33
2%
San Bernardino 140.21
2%
Santa Ana 142.28
2%
Santa Monica 263.95
2%
Stanford 288.57
2%
Cambridge 253.97
0%
Ferndale 249.18
0%
Provincetown 288.40
0%
San Elizario 144.61
0%
No matching quizzes found
Score Distribution
Percent of People with Each Score
Percentile by Number Answered
Your Score History
You have not taken this quiz